• Bibbia

di Genre/Form Term

Records bibliografici associati: 1

001 - CONTROL NUMBER

  • control field: 61840

003 - CONTROL NUMBER IDENTIFIER

  • control field:

005 - DATE AND TIME OF LATEST TRANSACTION

  • control field: 20250317113023.0

008 - FIXED-LENGTH DATA ELEMENTS

  • fixed length control field: 250317|| aca||aabn | a|a d

040 ## - CATALOGING SOURCE

  • Original cataloging agency:
  • Transcribing agency:

155 ## - HEADING--GENRE/FORM TERM

  • Genre/form term: Bibbia
  • General subdivision: Paolo: meditazione e spiritualità

670 ## - SOURCE DATA FOUND

  • Source citation: Work cat.: ()360435: Pronzato, Alessandro, sacerdote, 1932-2018 autore 61839, Afferrato da Cristo :, 2009.
CREDITS: SOCIETA' SAN PAOLO Via A.Severo, 58 - ROMA (RM) & PERIODICI SAN PAOLO SRL Via Giotto, 36 MILANO & CISF Via Giotto, 36 MILANO & EDIZIONI SAN PAOLO SRL,  Piazza Soncino, 5 CINISELLO BALSAMO (MI) -- ITALY